The Mitchell Family
保存先:
| 団体著者: | |
|---|---|
| フォーマット: | 図書 |
| 言語: | スペイン語 |
| 出版事項: |
Londres
Collier-Macmillan
1965
|
| シリーズ: | Collier-Macmillan English Readers
|
| 主題: | |
| タグ: |
タグ追加
タグなし, このレコードへの初めてのタグを付けませんか!
|
MARC
| LEADER | 00000nam a2200000 a 4500 | ||
|---|---|---|---|
| 001 | UCQ5531 | ||
| 003 | CL-VaPUC | ||
| 008 | 981002e19650000UK |||||||||||||||||spa|d | ||
| 082 | 0 | 4 | |a 428.07 |b ENG |2 21 |
| 110 | 2 | |a English Language Services |e author |9 419624 | |
| 245 | 1 | 4 | |a The Mitchell Family |
| 300 | |a 104 p | ||
| 942 | |c BK | ||
| 945 | |d 19981002 00:00:00 |a crobeson | ||
| 260 | |a Londres |b Collier-Macmillan |c 1965 | ||
| 650 | 0 | |a Inglés |9 260023 | |
| 650 | 0 | |a Enseñanza de idiomas |9 339820 | |
| 650 | 0 | |a Lectura |9 307634 | |
| 650 | 0 | |a Educación lingüística |9 306506 | |
| 583 | |a last modification |c 19981002 00:00:00 |k Rodrigo Vera | ||
| 490 | 0 | |a Collier-Macmillan English Readers | |
| 999 | |c 275739 |d 275737 | ||
| 952 | |0 0 |1 0 |4 0 |6 428_070000000000000_ENG_1965 |7 0 |8 A |9 312553 |a BIBEDU |b BIBEDU |d 2019-11-20 |i 1473212 |o 428.07 ENG 1965 |p 1473212 |r 2019-11-20 |w 2019-11-20 |y BK |k LIT | ||